| 000 | 00488nam a2200145Ia 4500 | ||
|---|---|---|---|
| 008 | 140724s9999 xx 000 0 und d | ||
| 050 |
_aLC 4007 _b.Ar778 2013 |
||
| 100 | _aArroco, Lolanda Isabel S. | ||
| 245 |
_aEmployability of visually impaired adults / _cLolanda Isabel S. Arroco. |
||
| 260 |
_aLas PiƱas, Philippines : _bSouthville International School and Colleges, _cc2013. |
||
| 300 |
_a69 p. : _bill. ; _c28 cm. |
||
| 521 | _aSpecial Education | ||
| 942 | _cTH | ||
| 999 |
_c229190 _d229190 |
||